000 00565nam a2200193Ia 4500
003 GCL
008 140319s9999 xx 000 0 ara d
040 _aGCL /
_cGCL
082 0 4 _a928.1
_bع ا
100 1 _aعلى محمد الفقى
245 1 0 _aاحمد حسن الزيات ومجلة الرسالة /
_cعلى محمد الفقى
300 _a198 ص
490 _aاقرأ
_v0
650 0 4 _aالادب العربى
650 0 4 _aالادباء
650 0 4 _aالادباء المصريون
650 0 4 _aاحمد حسن الزيات
942 _2ddc
_cBK
999 _c47116
_d47116